| 000 | 01213nam a2200229Ia 4500 | ||
|---|---|---|---|
| 001 | L250-16889 | ||
| 003 | IT-CnALBA | ||
| 008 | 170116s9999||||xx |||||||||||||| ||und|| | ||
| 040 |
_aIT-CnALBA _cIT-CnALBA |
||
| 041 | _aPOLIGLOTTA | ||
| 100 | _aBUSQUET JOSEPH | ||
| 245 | 0 | _aTHESAURUS CONFESSARII. BREVIS ET ACCURATA SUMMA TOTIUS DOCTRINAE MORALIS. | |
| 250 | _a6a ed. | ||
| 260 |
_a MADRID _bCORAZON DE MARIA EDITORIAL _c1913 [1° Ed.: n.d.] |
||
| 300 | _a885 p. (prefazione: 23) | ||
| 500 | _aDIRITTO CIVILE SPAGNOLO. INDICE ANALITICO. ATTI UMANI. COSCIENZA. LEGGE. PECCATO. FEDE SPERANZA E CARITÀ. DECALOGO E PRECETTI DELLA CHIESA. STATO RELIGIOSO CLERICALE LAICALE. SACRAMENTI IN GENERALE E IN PARTICOLARE. PENE E INDULGENZE. APPENDICE. | ||
| 501 | _aSocietà San Paolo EM - Piazza San Paolo, 14 - 12051 ALBA (CN) (non commercial uses only) ® Copyright 2017 | ||
| 520 | _aDIRITTO CIVILE SPAGNOLO. INDICE ANALITICO. ATTI UMANI. COSCIENZA. LEGGE. PECCATO. FEDE SPERANZA E CARITÀ. DECALOGO E PRECETTI DELLA CHIESA. STATO RELIGIOSO CLERICALE LAICALE. SACRAMENTI IN GENERALE E IN PARTICOLARE. PENE E INDULGENZE. APPENDICE. | ||
| 650 | _aTEOLOGIA PASTORALE | ||
| 942 | _cBK | ||
| 957 | _71 | ||
| 999 |
_a21634 _bSI _g Copie: 1 _c276045 _d276045 |
||